Datum a čas kvízu
16.5
Celkem bodů
Celkový počet nahraných bodů na tomto kvízu bez doplňovacích otázek.
7.
Pořadí na kvízu
Konečné umístění týmu na tomto kvízu.
Zaznamenané odpovědi
| # | Otázka | Odpověď | Body | Výsledky |
|---|---|---|---|---|
| 1. | Brífink hnutí ANO v poslanecké... | 1 | ||
| 2. | Jak se jmenuje nově zvolená př... | 0 | ||
| 3. | Slavný renesanční malíř zachyt... | 0 | ||
| 4. | Estonská společnost, nabízejíc... | 0 | ||
| 5. | Několik hráčů londýnského Arse... | 1 | ||
| 6. | Ve kterém severoevropském přís... | 0 | ||
| 7. | Jaltská konference byla jedním... | 0.5 | ||
| 8. | Casablanca je největším městem... | 0 | ||
| 9. | Jak se jmenuje černohorské pří... | 0 | ||
| 10. | V přístavním italském městě Sa... | 1 |